| 000 | 00505nam a22001937a 4500 | ||
|---|---|---|---|
| 003 | MPLRDC | ||
| 005 | 20220104184137.0 | ||
| 008 | 210129b ||||| |||| 00| 0 eng d | ||
| 020 | _a986-185-042-9 | ||
| 082 | _a328.48 FLA | ||
| 100 | _aTIM FLANNERY | ||
| 245 |
_a是你.制造了天气 _c林雨蒨译 |
||
| 250 | _a初版 | ||
| 260 |
_a台湾 _b高宝国际有限公司台湾分公司 _c2007 |
||
| 300 | _b平 | ||
| 490 | _a新视野. NW052 | ||
| 650 | _a温室效益 | ||
| 942 |
_cBK _o328.48 FLA |
||
| 999 |
_c62730 _d62720 |
||